[Event "U20 Polish Youth Championship"]
[Site "Ustron"]
[Date "2019.11.28"]
[Round "7"]
[White "Kozak, Antoni"]
[Black "Walter, Szymon"]
[Result "1/2-1/2"]
[Board "5"]
[WhiteElo "2350"]
[WhiteCountry "POL"]
[WhiteFideId "21832030"]
[WhiteEloChange "-1"]
[BlackElo "2304"]
[BlackTitle "FM"]
[BlackCountry "POL"]
[BlackFideId "1172590"]
[BlackEloChange "1"]

1. Nf3 {[%clk 1:30:37]} Nf6 {[%clk 1:26:51]} 2. g3 {[%clk 1:30:19]} e6 {[%clk
1:26:26]} 3. Bg2 {[%clk 1:30:41]} d5 {[%clk 1:26:03]} 4. O-O {[%clk 1:30:39]} b5
{[%clk 1:25:27]} 5. d3 {[%clk 1:20:23]} Bb7 {[%clk 1:24:37]} 6. c4 {[%clk
1:15:49]} b4 {[%clk 1:10:56]} 7. cxd5 {[%clk 1:10:58]} exd5 {[%clk 1:07:38]} 8.
Bg5 {[%clk 1:01:36]} h6 {[%clk 0:59:33]} 9. Bxf6 {[%clk 0:58:21]} Qxf6 {[%clk
0:59:16]} 10. Qc2 {[%clk 0:57:30]} c5 {[%clk 0:54:54]} 11. e4 {[%clk 0:57:24]}
Be7 {[%clk 0:53:59]} 12. Nfd2 {[%clk 0:55:21]} dxe4 {[%clk 0:45:50]} 13. dxe4
{[%clk 0:49:34]} Nc6 {[%clk 0:44:05]} 14. Nb3 {[%clk 0:47:03]} O-O {[%clk
0:39:45]} 15. N1d2 {[%clk 0:47:26]} Rac8 {[%clk 0:39:31]} 16. Rfd1 {[%clk
0:33:58]} c4 {[%clk 0:19:08]} 17. Qxc4 {[%clk 0:31:23]} Ne5 {[%clk 0:15:18]} 18.
Qe2 {[%clk 0:27:21]} Ba6 {[%clk 0:11:52]} 19. Qe3 {[%clk 0:27:45]} Rc2 {[%clk
0:08:37]} 20. Bf1 {[%clk 0:22:54]} Bxf1 {[%clk 0:06:50]} 21. Rxf1 {[%clk
0:23:21]} Rd8 {[%clk 0:06:43]} 22. Kh1 {[%clk 0:14:41]} Rd3 {[%clk 0:04:53]} 23.
Qe2 {[%clk 0:15:04]} Qd6 {[%clk 0:01:04]} 24. f4 {[%clk 0:15:31]} Nc6 {[%clk
0:01:19]} 25. Rfd1 {[%clk 0:11:25]} Qd7 {[%clk 0:01:42]} 26. Rac1 {[%clk
0:10:09]} Rxb2 {[%clk 0:01:58]} 27. Rxc6 {[%clk 0:10:02]} Rdxd2 {[%clk 0:02:09]}
28. Rxd2 {[%clk 0:10:11]} Rxd2 {[%clk 0:02:27]} 29. Qxd2 {[%clk 0:09:17]} Qxc6
{[%clk 0:02:53]} 30. Qd3 {[%clk 0:09:04]} Bf6 {[%clk 0:01:01]} 31. Kg2 {[%clk
0:09:28]} Bc3 {[%clk 0:00:52]} 32. Qd8+ {[%clk 0:09:15]} Kh7 {[%clk 0:01:04]} 33.
Qd5 {[%clk 0:09:02]} Qa6 {[%clk 0:01:12]} 34. Qxf7 {[%clk 0:05:37]} Qe2+ {[%clk
0:01:18]} 35. Kh3 {[%clk 0:05:56]} Qxe4 {[%clk 0:00:44]} 36. Qxa7 {[%clk
0:06:22]} Qf5+ {[%clk 0:00:34]} 37. Kg2 {[%clk 0:06:48]} 1/2-1/2

[Event "U20 Polish Youth Championship"]
[Site "Ustron"]
[Date "2019.11.28"]
[Round "7"]
[White "Kokoszczynski, Jan"]
[Black "Kowalski, Igor"]
[Result "1/2-1/2"]
[Board "6"]
[WhiteElo "2264"]
[WhiteCountry "POL"]
[WhiteFideId "1174460"]
[WhiteEloChange "2"]
[BlackElo "2346"]
[BlackTitle "FM"]
[BlackCountry "POL"]
[BlackFideId "1172468"]
[BlackEloChange "-2"]

1. c4 {[%clk 1:29:28]} Nf6 {[%clk 1:30:52]} 2. Nf3 {[%clk 1:29:49]} b6 {[%clk
1:31:14]} 3. g3 {[%clk 1:29:52]} Bb7 {[%clk 1:31:39]} 4. Bg2 {[%clk 1:30:07]} c5
{[%clk 1:31:22]} 5. O-O {[%clk 1:28:08]} g6 {[%clk 1:30:31]} 6. Nc3 {[%clk
1:28:21]} Bg7 {[%clk 1:30:55]} 7. d4 {[%clk 1:26:20]} cxd4 {[%clk 1:28:26]} 8.
Nxd4 {[%clk 1:22:50]} Bxg2 {[%clk 1:28:46]} 9. Kxg2 {[%clk 1:23:12]} Nc6 {[%clk
1:27:09]} 10. Nxc6 {[%clk 1:20:35]} dxc6 {[%clk 1:27:32]} 11. Bf4 {[%clk
1:20:52]} O-O {[%clk 1:25:11]} 12. Be5 {[%clk 1:17:29]} Qxd1 {[%clk 1:19:37]} 13.
Rfxd1 {[%clk 1:17:18]} Rfd8 {[%clk 1:19:59]} 14. Rxd8+ {[%clk 1:14:33]} Rxd8
{[%clk 1:20:11]} 15. Rd1 {[%clk 1:14:58]} Rxd1 {[%clk 1:19:22]} 16. Nxd1 {[%clk
1:15:15]} Nd7 {[%clk 1:18:48]} 17. Bxg7 {[%clk 1:15:09]} Kxg7 {[%clk 1:19:13]}
18. b3 {[%clk 1:15:24]} e6 {[%clk 1:17:32]} 19. e3 {[%clk 1:15:06]} Kf6 {[%clk
1:17:21]} 20. Kf3 {[%clk 1:14:51]} Ke7 {[%clk 1:17:06]} 21. Ke2 {[%clk 1:14:35]}
Kf6 {[%clk 1:16:55]} 22. Kf3 {[%clk 1:14:24]} Ke7 {[%clk 1:17:14]} 23. Ke2 {[%clk
1:14:38]} Kf6 {[%clk 1:17:01]} 24. Kf3 {[%clk 1:14:57]} Ke7 {[%clk 1:17:26]} 25.
Ke2 {[%clk 1:15:17]} Kf6 {[%clk 1:17:50]} 26. Kf3 {[%clk 1:15:31]} Ke7 {[%clk
1:18:14]} 27. Ke2 {[%clk 1:15:41]} Kf6 {[%clk 1:18:37]} 28. Kf3 {[%clk 1:15:18]}
Ke7 {[%clk 1:19:03]} 29. Ke2 {[%clk 1:15:32]} 1/2-1/2

[Event "U20 Polish Youth Championship"]
[Site "Ustron"]
[Date "2019.11.28"]
[Round "7"]
[White "Sernecki, Franciszek"]
[Black "Niedbala, Bartlomiej"]
[Result "1/2-1/2"]
[Board "7"]
[WhiteElo "2285"]
[WhiteCountry "POL"]
[WhiteFideId "1169297"]
[WhiteEloChange "-1"]
[BlackElo "2239"]
[BlackCountry "POL"]
[BlackFideId "21834008"]
[BlackEloChange "1"]

1. c4 {[%clk 1:30:08]} f5 {[%clk 1:29:56]} 2. Nf3 {[%clk 1:30:21]} Nf6 {[%clk
1:29:49]} 3. g3 {[%clk 1:30:12]} d6 {[%clk 1:29:42]} 4. d4 {[%clk 1:30:16]} e6
{[%clk 1:29:46]} 5. Bg2 {[%clk 1:29:40]} Be7 {[%clk 1:30:01]} 6. O-O {[%clk
1:30:05]} O-O {[%clk 1:30:28]} 7. Nc3 {[%clk 1:30:32]} Ne4 {[%clk 1:30:53]} 8.
Qc2 {[%clk 1:27:33]} Nxc3 {[%clk 1:30:24]} 9. Qxc3 {[%clk 1:27:08]} a5 {[%clk
1:29:19]} 10. b3 {[%clk 1:18:03]} Nc6 {[%clk 1:25:43]} 11. Bb2 {[%clk 1:15:23]}
Bf6 {[%clk 1:25:12]} 12. c5 {[%clk 1:05:19]} d5 {[%clk 1:16:42]} 13. a3 {[%clk
1:01:30]} a4 {[%clk 1:13:56]} 14. b4 {[%clk 0:57:24]} Na7 {[%clk 1:13:10]} 15.
Rad1 {[%clk 0:50:44]} Bd7 {[%clk 1:12:08]} 16. Nd2 {[%clk 0:43:01]} Bb5 {[%clk
1:00:37]} 17. Rfe1 {[%clk 0:38:15]} g5 {[%clk 0:53:03]} 18. f3 {[%clk 0:32:01]}
Be8 {[%clk 0:44:02]} 19. Nf1 {[%clk 0:27:29]} Bh5 {[%clk 0:39:03]} 20. Rd2 {[%clk
0:23:46]} g4 {[%clk 0:35:46]} 21. h3 {[%clk 0:21:02]} gxh3 {[%clk 0:34:03]} 22.
Bxh3 {[%clk 0:20:53]} Bg6 {[%clk 0:33:47]} 23. e3 {[%clk 0:14:40]} Nb5 {[%clk
0:33:25]} 24. Qd3 {[%clk 0:10:13]} c6 {[%clk 0:33:36]} 25. Qe2 {[%clk 0:08:47]}
Qe7 {[%clk 0:32:22]} 26. Nh2 {[%clk 0:06:45]} e5 {[%clk 0:29:02]} 27. f4 {[%clk
0:05:22]} exd4 {[%clk 0:26:59]} 28. exd4 {[%clk 0:05:45]} Qxe2 {[%clk 0:26:17]}
29. Rexe2 {[%clk 0:06:11]} Rfe8 {[%clk 0:26:14]} 30. Bf1 {[%clk 0:04:34]} Bh5
{[%clk 0:25:29]} 31. Rxe8+ {[%clk 0:04:05]} Rxe8 {[%clk 0:25:57]} 32. Bxb5 {[%clk
0:03:41]} cxb5 {[%clk 0:26:26]} 33. Kf2 {[%clk 0:04:03]} Re4 {[%clk 0:22:54]} 34.
Nf1 {[%clk 0:04:23]} Kf7 {[%clk 0:22:49]} 35. Ne3 {[%clk 0:03:44]} Ke6 {[%clk
0:23:17]} 36. Rc2 {[%clk 0:03:52]} Be8 {[%clk 0:22:34]} 37. Re2 {[%clk 0:02:41]}
h5 {[%clk 0:21:21]} 38. Ng2 {[%clk 0:01:40]} 1/2-1/2

[Event "U20 Polish Youth Championship"]
[Site "Ustron"]
[Date "2019.11.28"]
[Round "7"]
[White "Janik, Igor"]
[Black "Godzwon, Iwo"]
[Result "0-1"]
[Board "8"]
[WhiteElo "2466"]
[WhiteTitle "IM"]
[WhiteCountry "POL"]
[WhiteFideId "1159259"]
[WhiteEloChange "-8"]
[BlackElo "2275"]
[BlackTitle "FM"]
[BlackCountry "POL"]
[BlackFideId "21802483"]
[BlackEloChange "15"]

1. e4 {[%clk 1:30:59]} c5 {[%clk 1:30:56]} 2. Nf3 {[%clk 1:31:23]} e6 {[%clk
1:31:22]} 3. g3 {[%clk 1:31:47]} d5 {[%clk 1:25:57]} 4. exd5 {[%clk 1:32:11]}
exd5 {[%clk 1:26:23]} 5. Bg2 {[%clk 1:32:36]} Nf6 {[%clk 1:25:00]} 6. O-O {[%clk
1:32:59]} Be7 {[%clk 1:25:02]} 7. d4 {[%clk 1:32:51]} cxd4 {[%clk 1:23:36]} 8.
Nxd4 {[%clk 1:32:35]} O-O {[%clk 1:22:41]} 9. h3 {[%clk 1:29:18]} Nc6 {[%clk
1:20:58]} 10. Be3 {[%clk 1:29:19]} Re8 {[%clk 1:03:47]} 11. Nc3 {[%clk 1:28:38]}
h6 {[%clk 1:04:14]} 12. Qd2 {[%clk 1:28:22]} Ne5 {[%clk 0:59:38]} 13. b3 {[%clk
1:27:15]} Bb4 {[%clk 1:00:05]} 14. a3 {[%clk 1:07:09]} Ne4 {[%clk 0:59:47]} 15.
Bxe4 {[%clk 1:07:37]} Bxc3 {[%clk 1:00:13]} 16. Qxc3 {[%clk 1:07:56]} dxe4 {[%clk
1:00:39]} 17. Kg2 {[%clk 1:07:46]} Qd7 {[%clk 0:57:12]} 18. Rh1 {[%clk 1:07:50]}
b6 {[%clk 0:57:28]} 19. g4 {[%clk 1:04:14]} Ba6 {[%clk 0:53:23]} 20. Bf4 {[%clk
0:48:16]} e3 {[%clk 0:49:30]} 21. Bxe5 {[%clk 0:44:42]} Rxe5 {[%clk 0:48:50]} 22.
Nf3 {[%clk 0:44:20]} Ree8 {[%clk 0:47:12]} 23. Rad1 {[%clk 0:42:07]} Qb7 {[%clk
0:47:38]} 24. Rhe1 {[%clk 0:40:07]} Rac8 {[%clk 0:46:09]} 25. Qd4 {[%clk
0:39:59]} Re4 {[%clk 0:45:34]} 26. Qb2 {[%clk 0:40:19]} e2 {[%clk 0:45:53]} 27.
Rd4 {[%clk 0:39:31]} Rxd4 {[%clk 0:45:06]} 28. Qxd4 {[%clk 0:39:59]} Rxc2 {[%clk
0:45:30]} 29. g5 {[%clk 0:38:21]} hxg5 {[%clk 0:44:16]} 30. Qd8+ {[%clk 0:37:42]}
Kh7 {[%clk 0:44:37]} 31. Qxg5 {[%clk 0:38:04]} Rc6 {[%clk 0:43:20]} 32. Qf5+
{[%clk 0:36:27]} Kg8 {[%clk 0:43:26]} 33. Ng5 {[%clk 0:33:58]} Rf6+ {[%clk
0:43:50]} 34. Qe4 {[%clk 0:34:20]} Rg6 {[%clk 0:44:18]} 0-1

[Event "U20 Polish Youth Championship"]
[Site "Ustron"]
[Date "2019.11.28"]
[Round "7"]
[White "Jankowiak, Tomasz"]
[Black "Oglaza, Oskar"]
[Result "1-0"]
[Board "9"]
[WhiteElo "2111"]
[WhiteCountry "POL"]
[WhiteFideId "1185357"]
[WhiteEloChange "16"]
[BlackElo "2360"]
[BlackTitle "FM"]
[BlackCountry "POL"]
[BlackFideId "1194402"]
[BlackEloChange "-16"]

1. e4 {[%clk 1:30:30]} c5 {[%clk 1:30:30]} 2. Nf3 {[%clk 1:30:30]} d6 {[%clk
1:30:30]} 3. Bb5+ Nd7 {[%clk 1:30:30]} 4. d4 cxd4 {[%clk 1:30:30]} 5. Qxd4 a6
{[%clk 1:30:30]} 6. Bxd7+ Bxd7 {[%clk 1:30:30]} 7. O-O e5 {[%clk 1:30:30]} 8. Qd3
Rc8 {[%clk 1:30:30]} 9. Nc3 h6 {[%clk 1:30:30]} 10. Nd2 Qc7 {[%clk 1:30:30]} 11.
h3 Nf6 {[%clk 1:30:30]} 12. a4 Be7 {[%clk 1:30:30]} 13. Rd1 O-O {[%clk 1:30:30]}
14. Nf1 Rfd8 {[%clk 1:30:30]} 15. Ne3 Be6 {[%clk 1:30:30]} 16. Qe2 Qc6 {[%clk
1:30:30]} 17. Ncd5 Bxd5 {[%clk 1:30:30]} 18. exd5 Qd7 {[%clk 1:30:30]} 19. a5 Nh7
{[%clk 1:30:30]} 20. b3 f5 {[%clk 1:30:30]} 21. Nc4 Qe8 {[%clk 1:30:30]} 22. f4
e4 {[%clk 1:30:30]} 23. Bb2 g5 {[%clk 1:30:30]} 24. Ne3 Qg6 {[%clk 1:30:30]} 25.
g4 Rf8 {[%clk 1:30:30]} 26. Nxf5 Rxf5 {[%clk 1:30:30]} 27. gxf5 Qxf5 {[%clk
1:30:30]} 28. Ra4 Qxh3 {[%clk 1:30:30]} 29. Rxe4 Bf6 {[%clk 1:30:30]} 30. Rd3 Qf5
{[%clk 1:30:30]} 31. Re8+ Rxe8 {[%clk 1:30:30]} 32. Qxe8+ Nf8 {[%clk 1:30:30]}
33. Bxf6 Qxf6 {[%clk 1:30:30]} 34. fxg5 Qxg5+ {[%clk 1:30:30]} 35. Kh2 Qf6 {[%clk
1:30:30]} 36. Kg2 Kh7 {[%clk 1:30:30]} 37. Rf3 Qg5+ {[%clk 1:30:30]} 38. Kh3 Qxd5
{[%clk 1:30:30]} 39. Rf7+ Kg6 {[%clk 1:30:30]} 40. Rxf8+ 1-0

[Event "U20 Polish Youth Championship"]
[Site "Ustron"]
[Date "2019.11.28"]
[Round "7"]
[White "Panek, Bartosz"]
[Black "Baum, Jonasz"]
[Result "0-1"]
[Board "10"]
[WhiteElo "2029"]
[WhiteCountry "POL"]
[WhiteFideId "1198220"]
[WhiteEloChange "-3"]
[BlackElo "2341"]
[BlackTitle "FM"]
[BlackCountry "POL"]
[BlackFideId "1195360"]
[BlackEloChange "3"]

1. e4 {[%clk 1:30:52]} c6 {[%clk 1:30:57]} 2. Nc3 {[%clk 1:31:17]} d5 {[%clk
1:31:20]} 3. Nf3 {[%clk 1:31:42]} g6 {[%clk 1:28:52]} 4. d4 {[%clk 1:23:16]} Bg4
{[%clk 1:26:49]} 5. e5 {[%clk 1:14:47]} Bg7 {[%clk 1:24:31]} 6. h3 {[%clk
1:14:53]} Bxf3 {[%clk 1:22:57]} 7. Qxf3 {[%clk 1:00:38]} Qb6 {[%clk 1:20:12]} 8.
Qd3 {[%clk 0:57:14]} f6 {[%clk 1:12:16]} 9. f4 {[%clk 0:56:33]} Na6 {[%clk
1:04:41]} 10. a3 {[%clk 0:50:47]} Nh6 {[%clk 1:02:57]} 11. g4 {[%clk 0:47:01]}
fxe5 {[%clk 0:45:52]} 12. fxe5 {[%clk 0:45:59]} O-O {[%clk 0:44:30]} 13. Na4
{[%clk 0:32:03]} Qa5+ {[%clk 0:23:24]} 14. Qc3 {[%clk 0:29:13]} Qxa4 {[%clk
0:23:17]} 15. b3 {[%clk 0:28:28]} Rf3 {[%clk 0:21:42]} 16. Qxf3 {[%clk 0:14:28]}
Qxd4 {[%clk 0:22:04]} 17. Rb1 {[%clk 0:13:40]} Qxe5+ {[%clk 0:21:29]} 18. Qe3
{[%clk 0:13:50]} Qxe3+ {[%clk 0:07:46]} 19. Bxe3 {[%clk 0:14:11]} Nc7 {[%clk
0:07:57]} 20. Rd1 {[%clk 0:10:41]} e5 {[%clk 0:07:41]} 21. Be2 {[%clk 0:07:18]}
d4 {[%clk 0:04:30]} 22. Bf2 {[%clk 0:06:31]} Nf7 {[%clk 0:03:01]} 23. Bh4 {[%clk
0:04:54]} Nd6 {[%clk 0:02:18]} 24. Bd3 {[%clk 0:00:53]} e4 {[%clk 0:01:15]} 25.
Be2 {[%clk 0:00:46]} Be5 {[%clk 0:00:41]} 26. Rf1 {[%clk 0:00:32]} Nd5 {[%clk
0:00:55]} 27. Rc1 {[%clk 0:00:33]} Bf4 {[%clk 0:00:41]} 28. Rb1 {[%clk 0:00:32]}
g5 {[%clk 0:01:01]} 29. Bf2 {[%clk 0:00:45]} e3 {[%clk 0:01:20]} 30. Bg1 {[%clk
0:00:57]} Bg3+ {[%clk 0:01:20]} 31. Kd1 {[%clk 0:01:15]} Nc3+ {[%clk 0:01:43]}
32. Kc1 {[%clk 0:01:37]} Nxe2+ {[%clk 0:02:09]} 33. Kb2 {[%clk 0:02:00]} Nxg1
{[%clk 0:01:53]} 34. Rxg1 {[%clk 0:02:29]} Bf2 {[%clk 0:01:43]} 0-1

[Event "U20 Polish Youth Championship"]
[Site "Ustron"]
[Date "2019.11.28"]
[Round "7"]
[White "Jarzebowski, Kacper"]
[Black "Fiedorek, Michal"]
[Result "1/2-1/2"]
[Board "11"]
[WhiteElo "2079"]
[WhiteCountry "POL"]
[WhiteFideId "1184954"]
[WhiteEloChange "6"]
[BlackElo "2333"]
[BlackTitle "FM"]
[BlackCountry "POL"]
[BlackFideId "1199528"]
[BlackEloChange "-6"]

1. e4 {[%clk 1:30:30]} c5 {[%clk 1:30:30]} 2. Ne2 {[%clk 1:30:30]} Nc6 {[%clk
1:30:30]} 3. Nbc3 {[%clk 1:30:24]} d6 {[%clk 1:28:52]} 4. g3 {[%clk 1:30:24]} g6
{[%clk 1:27:29]} 5. d4 {[%clk 1:29:37]} cxd4 {[%clk 1:26:22]} 6. Nxd4 {[%clk
1:29:52]} Bg7 {[%clk 1:26:01]} 7. Be3 {[%clk 1:30:07]} Nf6 {[%clk 1:25:40]} 8. h3
{[%clk 1:28:44]} O-O {[%clk 1:25:19]} 9. Bg2 {[%clk 1:28:59]} Bd7 {[%clk
1:18:56]} 10. O-O {[%clk 1:28:33]} Nxd4 {[%clk 1:15:31]} 11. Bxd4 {[%clk
1:27:56]} Bc6 {[%clk 1:15:10]} 12. Nd5 {[%clk 1:27:55]} Bxd5 {[%clk 1:08:13]} 13.
exd5 {[%clk 1:28:00]} Nd7 {[%clk 1:08:18]} 14. Bxg7 {[%clk 1:28:14]} Kxg7 {[%clk
1:08:42]} 15. Qd4+ {[%clk 1:28:39]} Kg8 {[%clk 1:08:16]} 16. Rfe1 {[%clk
1:28:54]} Re8 {[%clk 1:06:53]} 17. c4 {[%clk 1:29:03]} Qb6 {[%clk 0:59:50]} 18.
Qxb6 {[%clk 1:29:07]} Nxb6 {[%clk 0:59:54]} 19. b3 {[%clk 1:29:22]} Rac8 {[%clk
0:58:36]} 20. Re3 {[%clk 1:29:37]} Nd7 {[%clk 0:56:00]} 21. Rae1 {[%clk 1:28:39]}
Kf8 {[%clk 0:55:44]} 22. f4 {[%clk 1:28:12]} Rc5 {[%clk 0:50:08]} 23. a4 {[%clk
1:26:23]} Rc7 {[%clk 0:38:16]} 24. g4 {[%clk 1:26:02]} Nc5 {[%clk 0:29:50]} 25.
Bf1 {[%clk 1:23:47]} Na6 {[%clk 0:21:18]} 26. Kf2 {[%clk 1:21:52]} Nb4 {[%clk
0:21:02]} 27. R1e2 {[%clk 1:21:57]} Rb8 {[%clk 0:19:49]} 28. Rd2 {[%clk 1:21:09]}
a6 {[%clk 0:19:12]} 29. Re4 {[%clk 1:12:53]} Rc5 {[%clk 0:15:55]} 30. h4 {[%clk
1:08:23]} Rc7 {[%clk 0:13:55]} 31. Be2 {[%clk 1:07:40]} a5 {[%clk 0:07:35]} 32.
h5 {[%clk 1:07:39]} Kg7 {[%clk 0:04:58]} 33. Re3 {[%clk 1:07:39]} gxh5 {[%clk
0:02:15]} 34. g5 {[%clk 1:06:51]} h6 {[%clk 0:00:30]} 35. gxh6+ {[%clk 1:06:39]}
Kxh6 {[%clk 0:00:18]} 36. Rh3 {[%clk 1:06:43]} Kg7 37. Rg3+ {[%clk 1:04:52]} Kf6
38. Rg5 {[%clk 1:04:30]} Rcc8 39. Kg3 {[%clk 1:04:08]} Rg8 40. Kh4 {[%clk
1:04:17]} Rxg5 41. fxg5+ {[%clk 1:04:37]} Kg7 42. Bxh5 {[%clk 1:04:09]} Na6 43.
Re2 {[%clk 1:01:37]} Re8 44. Rf2 {[%clk 1:01:37]} Rf8 45. Re2 {[%clk 1:01:37]}
Re8 46. Rf2 {[%clk 0:59:10]} 1/2-1/2

[Event "U20 Polish Youth Championship"]
[Site "Ustron"]
[Date "2019.11.28"]
[Round "7"]
[White "Szpar, Milosz"]
[Black "Adamczewski, Maciej"]
[Result "1-0"]
[Board "13"]
[WhiteElo "2291"]
[WhiteTitle "FM"]
[WhiteCountry "POL"]
[WhiteFideId "1184989"]
[WhiteEloChange "5"]
[BlackElo "2095"]
[BlackCountry "POL"]
[BlackFideId "1148702"]
[BlackEloChange "-5"]

1. e4 {[%clk 1:30:58]} e6 {[%clk 1:29:25]} 2. d4 {[%clk 1:31:00]} d5 {[%clk
1:29:49]} 3. Nd2 {[%clk 1:31:08]} Nc6 {[%clk 1:29:16]} 4. Ngf3 {[%clk 1:30:40]}
Nf6 {[%clk 1:29:35]} 5. e5 {[%clk 1:31:04]} Nd7 {[%clk 1:30:01]} 6. Be2 {[%clk
1:30:46]} f6 {[%clk 1:30:26]} 7. exf6 {[%clk 1:30:55]} Qxf6 {[%clk 1:30:50]} 8.
Nf1 {[%clk 1:30:39]} Bd6 {[%clk 1:28:25]} 9. Ne3 {[%clk 1:30:41]} O-O {[%clk
1:26:06]} 10. O-O {[%clk 1:29:57]} Qe7 {[%clk 1:08:45]} 11. c4 {[%clk 1:25:56]}
dxc4 {[%clk 1:06:04]} 12. Bxc4 {[%clk 1:21:28]} Nb6 {[%clk 0:54:01]} 13. Bb3
{[%clk 1:19:55]} Kh8 {[%clk 0:53:29]} 14. Ng4 {[%clk 1:16:24]} Rxf3 {[%clk
0:44:45]} 15. Qxf3 {[%clk 1:11:25]} Nxd4 {[%clk 0:44:59]} 16. Qe4 {[%clk
1:10:30]} Nxb3 {[%clk 0:44:33]} 17. axb3 {[%clk 1:10:09]} Nd5 {[%clk 0:42:15]}
18. Ne5 {[%clk 1:06:20]} Bxe5 {[%clk 0:38:09]} 19. Qxe5 {[%clk 1:06:25]} Bd7
{[%clk 0:38:00]} 20. Re1 {[%clk 1:05:12]} Qd6 {[%clk 0:35:57]} 21. Qg5 {[%clk
1:02:33]} a6 {[%clk 0:35:54]} 22. Bd2 {[%clk 1:00:48]} Rf8 {[%clk 0:24:30]} 23.
Bc3 {[%clk 0:59:27]} Rf7 {[%clk 0:24:45]} 24. Rad1 {[%clk 0:56:32]} Qf8 {[%clk
0:23:57]} 25. Re4 {[%clk 0:51:33]} Rf5 {[%clk 0:12:37]} 26. Qg3 {[%clk 0:50:37]}
Nxc3 {[%clk 0:08:02]} 27. bxc3 {[%clk 0:50:00]} Rd5 {[%clk 0:06:18]} 28. Red4
{[%clk 0:49:24]} Qc5 {[%clk 0:05:47]} 29. b4 {[%clk 0:40:38]} Qc6 {[%clk
0:03:07]} 30. Qf3 {[%clk 0:40:34]} Kg8 {[%clk 0:02:54]} 31. Rxd5 {[%clk 0:40:48]}
exd5 {[%clk 0:03:19]} 32. Qxd5+ {[%clk 0:40:19]} Qxd5 {[%clk 0:03:45]} 33. Rxd5
{[%clk 0:40:45]} Be6 {[%clk 0:03:07]} 34. Rd8+ {[%clk 0:41:06]} Kf7 {[%clk
0:03:34]} 35. Rb8 {[%clk 0:41:30]} Bd5 {[%clk 0:03:33]} 36. c4 {[%clk 0:40:26]}
Bc6 {[%clk 0:03:12]} 37. Rc8 {[%clk 0:40:14]} h5 {[%clk 0:02:29]} 38. Rxc7+
{[%clk 0:40:37]} Kf6 {[%clk 0:02:56]} 39. f3 {[%clk 0:39:41]} Ke5 {[%clk
0:03:06]} 40. b5 {[%clk 1:09:38]} axb5 {[%clk 0:33:31]} 41. cxb5 {[%clk 1:10:05]}
Bd5 {[%clk 0:33:59]} 42. Rxg7 {[%clk 1:10:14]} Kd6 {[%clk 0:34:23]} 43. h4 {[%clk
1:10:13]} Kc5 {[%clk 0:34:39]} 44. Rg5 {[%clk 1:10:39]} 1-0

[Event "U20 Polish Youth Championship"]
[Site "Ustron"]
[Date "2019.11.28"]
[Round "7"]
[White "Karolczuk, Iwo"]
[Black "Czopor, Maciej"]
[Result "1/2-1/2"]
[Board "14"]
[WhiteElo "1982"]
[WhiteCountry "POL"]
[WhiteFideId "21816972"]
[WhiteEloChange "6"]
[BlackElo "2227"]
[BlackCountry "POL"]
[BlackFideId "21805431"]
[BlackEloChange "-6"]

1. e4 {[%clk 1:30:58]} c5 {[%clk 1:30:37]} 2. Nf3 {[%clk 1:31:20]} e6 {[%clk
1:30:23]} 3. b3 {[%clk 1:31:42]} b6 {[%clk 1:29:26]} 4. Bd3 {[%clk 1:32:05]} Bb7
{[%clk 1:27:37]} 5. O-O {[%clk 1:32:22]} d6 {[%clk 1:22:48]} 6. Bb2 {[%clk
1:32:06]} Nd7 {[%clk 1:20:41]} 7. Re1 {[%clk 1:31:52]} Ngf6 {[%clk 1:20:07]} 8.
e5 {[%clk 1:31:17]} dxe5 {[%clk 1:19:24]} 9. Nxe5 {[%clk 1:31:39]} a6 {[%clk
1:04:43]} 10. f4 {[%clk 1:27:08]} Nxe5 {[%clk 0:54:14]} 11. fxe5 {[%clk 1:20:53]}
Nd7 {[%clk 0:50:14]} 12. Nc3 {[%clk 1:16:34]} Qc7 {[%clk 0:48:11]} 13. Qe2 {[%clk
1:04:27]} g6 {[%clk 0:42:15]} 14. Be4 {[%clk 1:01:13]} Bg7 {[%clk 0:40:47]} 15.
Bxb7 {[%clk 1:01:16]} Qxb7 {[%clk 0:41:10]} 16. Ne4 {[%clk 1:01:36]} O-O {[%clk
0:40:30]} 17. Nf6+ {[%clk 0:58:28]} Nxf6 {[%clk 0:39:31]} 18. exf6 {[%clk
0:58:50]} Bh6 {[%clk 0:39:42]} 19. d3 {[%clk 0:58:49]} Rfd8 {[%clk 0:33:39]} 20.
Qg4 {[%clk 0:56:15]} Rd5 {[%clk 0:30:18]} 21. Re5 {[%clk 0:56:06]} Rxe5 {[%clk
0:29:48]} 22. Bxe5 {[%clk 0:56:27]} Qd5 {[%clk 0:28:33]} 23. Re1 {[%clk 0:56:11]}
Bf8 {[%clk 0:26:54]} 24. Qf4 {[%clk 0:49:16]} b5 {[%clk 0:23:30]} 25. Re3 {[%clk
0:44:41]} c4 {[%clk 0:21:19]} 26. bxc4 {[%clk 0:44:33]} bxc4 {[%clk 0:21:34]} 27.
d4 {[%clk 0:44:56]} Ra7 {[%clk 0:19:09]} 28. h4 {[%clk 0:43:04]} h5 {[%clk
0:10:41]} 29. Qf3 {[%clk 0:21:22]} Rb7 {[%clk 0:06:44]} 30. Qxd5 {[%clk 0:20:44]}
exd5 {[%clk 0:07:13]} 31. Bf4 {[%clk 0:21:04]} Kh7 {[%clk 0:06:01]} 32. Re8
{[%clk 0:21:24]} Bb4 {[%clk 0:05:55]} 33. Rd8 {[%clk 0:20:42]} Rb5 {[%clk
0:03:42]} 34. Rd7 {[%clk 0:18:47]} Kg8 {[%clk 0:03:53]} 35. Rd8+ {[%clk 0:18:30]}
1/2-1/2